000 00615nam a2200241 a 4500
001 nice12345678
003 IN_TiNIC
005 20260116011340.0
008 050524s1930 hyda grp 000 0 ara
020 _a
_c100
082 0 0 _a915.3
_bJAF
100 _aJafar, Abul Farj
245 _aKitab-Ul-Khiraj Wa Sanat-Ul-Kitabat
260 _aHyderabad
_bMarkazi Anjuman Taleemus Salat
_c1930
300 _a138p
500 _aincludes index and biblioraphy
505 2 _afour parts in two vols.
650 _aGeography-Arab
700 1 _aJafar, Abul Farj
902 _bSRS
942 _cBK
999 _c743
_d743